Hodnotenie obsahu benzínu v ovzduší prevádzky na výrobu mäkkých želatínových kapsúl

Bibliographic Details
Main Author: Hajdenová, B. (Author)
Format: Article
Language:Slovak
PhysicalDescription:Tb. 1. Res. angl., nem., rus., lit. 7 zázn. v slov., češ., angl.
Subjects:

MARC

LEADER 00000nab a2200000 a 4500
001 vtls000422169
003 SK-MaSNL
005 20260304080930.0
008 250424c1991 xo 0 slo
015 |a SNBRB19rr/mm-uuuuu 
035 |a CL0422297 
035 |a urn:nbn:sk:snk-ab1pho 
035 |a (urnnbn)urn:nbn:sk:snk:ar-004uo6 
035 |a (uuid)3e36a606-64d7-4151-ab2f-86a5b01dd829 
040 |a SNKBUCL  |b slo  |c SNKBUCL  |e AACR2 
041 0 |a slo 
044 |a xo  |c SK 
080 |a 615.012:615.453  |2 1981 
080 |a 615.453  |2 1981 
100 1 |a Hajdenová, B.  |4 aut  |9 1368876 
245 1 0 |a Hodnotenie obsahu benzínu v ovzduší prevádzky na výrobu mäkkých želatínových kapsúl  |c B. Hajdenová 
300 |b Tb. 1. Res. angl., nem., rus., lit. 7 zázn. v slov., češ., angl. 
650 0 7 |a kapsule  |2 snkbucl  |9 700077 
650 0 7 |a parafín tekutý  |2 snkbucl  |9 1368877 
650 0 7 |a benzín  |2 snkbucl  |9 27636 
655 7 |a články z novín a časopisov  |2 snkbucl  |9 267496 
773 0 |t Farmaceutický obzor  |g Roč. 60, č. 5 (1991), s. 227-230 
850 |a Slovenská národná knižnica 
852 |a Slovenská národná knižnica 
954 |a odborná, vedecká literatúra pôvodná (slovenská)  |2 lita 
958 |a article27 
958 |a OND 
958 |a NB 
958 |a RK 
958 |a MI 
958 |a EUIPO 
992 |a RBX 
999 |c 2788721  |d 2790651